Ciencias sociales : introduccion al estudio de las ciencias sociales argentinas /

Guardado en:
Autor Principal: Garcia, Juan A.
Formato: Libro
Publicado: Buenos Aires : Claridad, 1938
Series:Biblioteca De Ciencias Sociale
Materias:
Etiquetas: Agregar Etiqueta
Sin Etiquetas, Sea el primero en etiquetar este registro!
LEADER 00702nam a22002175a 4500
001 EHU.bham024758
003 AR-BHAM
005 20130507155753.0
008 130507s1938##################000#0#####d
082 3 0 |a 300.1 
100 1 |a Garcia, Juan A. 
245 1 0 |a Ciencias sociales :  |b introduccion al estudio de las ciencias sociales argentinas /  |c Juan A. Garcia 
260 |a Buenos Aires :  |b Claridad,  |c 1938 
300 |a 267 p. 
490 0 |a Biblioteca De Ciencias Sociale 
653 |a Donacion lejarraga 
653 |a Ciencias sociales 
653 |a Sociologia 
653 |a Sociologia argentina 
653 |a Ciencias sociales-investigacion 
859 |a AR-BHAM  |b BIB. HUMANIDADES - General  |h 300.1  |i G165  |p 474.02  |t Ej.1